000 00933nam a2200265Ia 4500
003 OSt
005 20221005110959.0
006 a|||||r|||| 00| 0
007 ta
008 221004b |||||||| |||| 00| 0 hin d
020 _a9788183166171 (pbk)
_c250
024 _a21449
037 _bBR8397, 21/03/2015, Rajkamal Prakashan Pvt. Ltd.
_cTextual
040 _aCRL
_cCRL
_bhin
041 _2hin
_ahin
082 _aX8wN46, 152Q3
100 _aमाहेश्वरी, अरूण
245 0 _aएक और ब्रह्माड
246 _aEk aur brahmāḍa
260 _aनई दिल्ली
_bराधाकृष्ण भारत
_c2013
300 _a365पृ0
_ccm.
650 _aअर्थशास्त्र
942 _hX8wN46, 152Q3
_cTEXL
_2cc
999 _c1020457
_d1020457